Sleep Token - Infinite Baths - Statistics

General Stats
  • This quiz has been taken 75 times
  • The average score is 225 of 308
Answer Stats
Answer % Correct
a
100%
I
100%
me
100%
me?
100%
the
100%
The
100%
you
100%
You
100%
in
96%
In
96%
baths
92%
Infinite
92%
No
92%
am
88%
an
88%
And
88%
at
88%
be
88%
from
88%
last
88%
my
85%
My
85%
now
85%
on
85%
over
85%
Washing
85%
When
85%
when
85%
I'm
81%
know
81%
like
81%
plucked
81%
so
81%
supermodel
81%
will
81%
Will
81%
Are
77%
are
77%
Even
77%
even
77%
here
77%
if
77%
If
77%
to
77%
What
77%
glory
73%
grotto
73%
of
73%
this
73%
with
73%
wrath?
73%
But
69%
could
69%
that
69%
Bursting
65%
Drift
65%
God
65%
have
65%
laugh
65%
long
65%
madness?
65%
never
65%
One
65%
time
65%
back
62%
blood
62%
Blood
62%
colours
62%
eclipse
62%
eye
62%
going
62%
is
62%
method
62%
own
62%
sleep
62%
stuck
62%
Teeth
62%
there
62%
tired
62%
alone
58%
bottle,
58%
fought
58%
freezing
58%
halt
58%
inside
58%
it's
58%
just
58%
lightning
58%
man
58%
not
58%
run
58%
silence
58%
target
58%
they
58%
through
58%
Where
58%
been
54%
darkness
54%
deafening
54%
falling
54%
frozen
54%
got
54%
I've
54%
landslide
54%
leaving
54%
Silent
54%
throttle
54%
two
54%
used
54%
bricks
50%
can
50%
empty
50%
finally
50%
into
50%
keep
50%
motion
50%
since
50%
than
50%
wake
50%
want
50%
warm
50%
waters
50%
Well,
50%
would
50%
All
46%
below
46%
did
46%
lifting
46%
revelry
46%
running
46%
Something
46%
staccato
46%
threatening
46%
bones
42%
box
42%
dancing
42%
future
42%
horizon
42%
Nightmares
42%
ocean
42%
oceans
42%
storms
42%
titans
42%
Wider
42%
approaching
38%
earn
38%
fleeting
38%
springs
38%
Taller
38%
arteries
35%
drown
35%
endless
35%
learn
35%
lesson
35%
precipice
35%
sea
35%
Every
27%
ghost in
4%
Timeless as
4%
That even if I
0%
No matching quizzes found
Score Distribution
Percent of People with Each Score
Percentile by Number Answered
Your Score History
You have not taken this quiz